| 000 | 01718naa a22003977a 4500 | ||
|---|---|---|---|
| 001 | BR8401875 | ||
| 003 | BR-BrBNA | ||
| 005 | 20250721154436.0 | ||
| 007 | ta | ||
| 008 | 250630b bl.|||m| |||| 00| 0 por d | ||
| 040 |
_aBR-BrBNA _bpor _cBiblioteca Nacional de Agricultura |
||
| 041 | _a(Pt) | ||
| 072 |
_aF27; F28 _b1112 _b1959 _bG514 |
||
| 090 | _aF27 BR8401875 | ||
| 100 | 1 | _aSalgado, J.S. | |
| 111 | 1 |
_a1. Simposio sobre Bananeira Prata _cCariacica, ES (Brazil) _d7-11 Nov 1983 |
|
| 245 | 1 | _aManejo e conservacao do solo [Musa acuminata, Kudzu, Pueraria phaseoloides, centrosema, Centrosema pubescens, siratro, Macroptilium atropurpureum, consorciacao de cultura, erosao do solo, Espirito Santo, Brasil] | |
| 246 | 1 | _a[Soil management and conservation [Musa acuminata, Kudzu, Pueraria phaseoloides, centrosema, Centrosema pubescens, Macroptilium atropurpureum, intercropping, soil erosion, Espirito Santo, Brazil]] | |
| 246 | 1 | _a[Annals of the 1. Symposium on Banana Tree Cultivar "Prata"] | |
| 500 | _aAnais do 1. Simposio sobre Bananeira Prata Cariacica, ES (Brasil): 1983. p. 90-95 (BR8401875-AMS) | ||
| 773 | 0 |
_tAnais do 1. Simposio sobre Bananeira Prata _wF27 BR8401875 _gCariacica, ES (Brasil), 1983. p. 90-95 |
|
| 650 | _aBANANA PRATA | ||
| 650 | _aSOLO | ||
| 650 | _aMANEJO | ||
| 650 | _aKUDZU | ||
| 650 | _aCENTROSEMA | ||
| 650 | _aSIRATRO | ||
| 650 | _aLEGUMINOSA FORRAGEIRA | ||
| 650 | _aCONSORCIACAO DE CULTURA | ||
| 650 | _aEROSAO DO SOLO | ||
| 650 | _aCONSERVACAO DO SOLO | ||
| 650 | _aESPIRITO SANTO | ||
| 490 |
_aDocumentos - Empresa Capixaba de Pesquisa Agropecuaria (Brazil) _vno. 4 _xISSN 0101-8949 |
||
| 942 |
_cAMS _2AGRIS |
||
| 909 |
_a202506 _bLúcia _c55 _dLúcia Elande |
||
| 999 |
_c334782 _d334782 |
||